Configuring a customized engineering workstation

Bibliographic Details
Main Author: Bjelland, Harley
Format: Book
Published: New York : Windcrest , 1995
Subjects:

MARC

LEADER 00000cam a2200000 7i4500
001 0000007749
002 000008319
005 20000330.0
020 |a 0070059276 
090 0 0 |a 004.1602462   |b BJE 
100 1 |a Bjelland, Harley 
245 1 0 |a Configuring a customized engineering workstation   |c Harley Bjelland 
260 |a New York :   |b Windcrest ,   |c 1995 
300 |a 310 p. ;   |c 23 cm. 
650 0 0 |a Computer-aided engineering 
999 |a 053100   |b BUKU   |c PINJAMAN   |e PERPUSTAKAAN KOMUNITI PETALING JAYA